Banská Bystrica - celkový pohľad

Zobrazenie: V bielom orámovaní pohľad z kopca na mesto, pred ktorým tečie rieka. Vľavo v pozadí v meste je kostol Nanebovzatia Panny Márie a veža mestského hradu. V popredí vľavo sú ihličnaté stromy a pred nimi sú halúzky listnatého stromu. Za mestom sú kopce

Bibliographic Details
Format: Photo
Language:Slovak
PhysicalDescription:1 pohľadnica čiernobiela 10 x 14 cm
Published: V Banskej Bystrici J. Emil Bobek, papiernictvo a kníhkupectvo [1938?]
Subjects:

MARC

LEADER 00000nkm a2200000 a 4500
001 vtls011983495
003 SK-MaSNL
005 20260301225905.0
007 kf bo
008 231121q1938 xo g kuslo
015 |a SNBG1938 
035 |a urn:nbn:sk:snk-km00fc3x 
035 |a urn:nbn:sk:snk-km45u92 
035 |a 588B1679-2E3B-4C0B-855E-84001D2E9EB8 
040 |a SNK  |b slo  |c SNK  |e AACR2 
041 0 |a slo 
043 |a e-xo--- 
044 |a xo  |c SK 
072 7 |a 913  |x Regionálna geografia  |2 konspekt 
080 |a 913(437.6)  |2 2011 
080 |a 904(084.121)  |2 2011 
080 |a 908(437.6)  |2 2011 
080 |a 728.81  |2 2011 
080 |a 726:27-523.42  |2 2011 
080 |a 556.53  |2 2011 
245 0 0 |a Banská Bystrica - celkový pohľad  |h grafika 
260 |a V Banskej Bystrici  |b J. Emil Bobek, papiernictvo a kníhkupectvo  |c [1938?]  |e Vyškov  |f Fototypia 
300 |a 1 pohľadnica  |b čiernobiela  |c 10 x 14 cm 
500 |a Na adresnej časti uvedené: "12083" 
520 8 |a Zobrazenie: V bielom orámovaní pohľad z kopca na mesto, pred ktorým tečie rieka. Vľavo v pozadí v meste je kostol Nanebovzatia Panny Márie a veža mestského hradu. V popredí vľavo sú ihličnaté stromy a pred nimi sú halúzky listnatého stromu. Za mestom sú kopce 
610 2 7 |a Kostol Nanebovzatia Panny Márie (Banská Bystrica, Slovensko)  |2 SNKKA  |9 171768 
610 1 7 |a Banská Bystrica (Slovensko : hrad)  |2 SNKKA  |9 165891 
650 0 7 |a kultúrne pamiatky  |2 SNKPH  |9 2862 
650 0 7 |a kostoly  |2 SNKPH  |9 3023 
650 0 7 |a hrady  |2 SNKPH  |9 3039 
650 0 7 |a rieky  |2 SNKPH  |9 29644 
651 7 |a Banská Bystrica (Slovensko)  |2 SNKPHgeo  |9 22015 
651 7 |a Hron (Slovensko : rieka)  |2 SNKPHgeo  |9 175618 
655 7 |a miestne pohľadnice  |2 SNKPH  |9 70510 
655 7 |a geografické pohľadnice  |2 SNKPH  |9 70522 
655 7 |a pohľadnice kultúrnych pamiatok  |2 SNKPH  |9 70523 
752 |a Slovensko  |d Banská Bystrica 
852 |a Slovenská národná knižnica 
958 |a GBN 
958 |a GC 
958 |a OND 
958 |a EUIPO 
999 |c 952649  |d 954579 
952 |a SNK  |b SNK  |y PREZ  |7 0  |p 17A1210058  |o snkSP 11442  |z Pohľadnica prešla poštou.  |0 0  |1 0  |4 0  |d 2020-07-23  |f 1  |l 0  |r 2026-02-24 09:53:32  |w 2026-02-24